Advanced DOS (Record no. 541780)
[ view plain ]
| 000 -LEADER | |
|---|---|
| fixed length control field | 00430cam a2200157 a 4500 |
| 082 04 - DEWEY DECIMAL CLASSIFICATION NUMBER | |
| Classification number | 005.43 |
| Author Mark | HYM |
| -- | NUST |
| 100 1# - MAIN ENTRY--PERSONAL NAME | |
| Personal name | Hyman, Michael I., |
| 9 (RLIN) | 36818 |
| 245 10 - TITLE STATEMENT | |
| Title | Advanced DOS |
| 250 ## - EDITION STATEMENT | |
| Edition statement | 2 nd ed. |
| 260 ## - PUBLICATION, DISTRIBUTION, ETC. | |
| Place of publication, distribution, etc. | Delhi. : |
| Name of publisher, distributor, etc. | BPB Publications, |
| Date of publication, distribution, etc. | 1989. |
| 300 ## - PHYSICAL DESCRIPTION | |
| Extent | ix. 363 p. : |
| Other physical details | ill. |
| Dimensions | 22 cm. |
| 526 ## - STUDY PROGRAM INFORMATION NOTE | |
| Program name | 0 |
| Interest level | 0 |
| Reading level | 0 |
| Title point value | 005_430000000000000_HYM |
| 526 ## - STUDY PROGRAM INFORMATION NOTE | |
| Program name | 0 |
| Interest level | 0 |
| Reading level | 0 |
| Title point value | 005_430000000000000_HYM |
| 650 #0 - SUBJECT ADDED ENTRY--TOPICAL TERM | |
| Topical term or geographic name entry element | NUST |
| 9 (RLIN) | 6342 |
| 942 ## - ADDED ENTRY ELEMENTS (KOHA) | |
| Source of classification or shelving scheme | |
| Koha item type | Book |
| Withdrawn status | Lost status | Source of classification or shelving scheme | Damaged status | Not for loan | Permanent Location | Current Location | Date acquired | Total Checkouts | Full call number | Barcode | Date last seen | Copy number | Price effective from | Koha item type |
|---|---|---|---|---|---|---|---|---|---|---|---|---|---|---|
| Military College of Engineering (MCE) | Military College of Engineering (MCE) | 08/28/2013 | 005.43 HYM | MCE-29323 | 08/28/2013 | 01 | 08/28/2013 | Book | ||||||
| Military College of Engineering (MCE) | Military College of Engineering (MCE) | 08/28/2013 | 005.43 HYM | MCE-34626 | 08/28/2013 | 02 | 03/14/2021 | Book |
